The death of art (Record no. 40072)

MARC details
000 -LEADER
fixed length control field 00240nam a2200097Ia 4500
008 - FIXED-LENGTH DATA ELEMENTS--GENERAL INFORMATION
fixed length control field 231207s9999 xx 000 0 und d
082 ## - DEWEY DECIMAL CLASSIFICATION NUMBER
Classification number 701
Item number SHA
100 ## - MAIN ENTRY--PERSONAL NAME
Author Name Sharma, B. R.
245 #4 - TITLE STATEMENT
Title The death of art
260 ## - PUBLICATION, DISTRIBUTION, ETC.
Name of publisher, distributor, etc. University Press of America
999 ## -
-- 40072
-- 40072
Holdings
Withdrawn status Weedout from Library Permanent Location Current Location Shelving location Date acquired Full call number Barcode Price effective from Koha item type
    NATIONAL COLLEGE OF ARTS, LAHORE - LIBRARY NATIONAL COLLEGE OF ARTS, LAHORE - LIBRARY   08/12/2023 701 SHA PM0240 08/12/2023 Book